| 000 | 00541nam a2200205 u 4500 | ||
|---|---|---|---|
| 005 | 20230602063758.0 | ||
| 008 | 130828s2011 r 000 0 eng d | ||
| 020 | _a9786071114945 | ||
| 035 | _aUPN01000192502 | ||
| 049 | _aCG | ||
| 050 | 4 |
_aPQ7298.422 E2.4 _bC5.8 |
|
| 100 | 1 |
_aLeal, Gisela, _d1987- _934091 |
|
| 245 | 1 | 3 |
_aEl club de los abandonados / _cGisela Leal. |
| 260 |
_aMéxico : _bSantillana, _c2011. |
||
| 300 | _a603 p. | ||
| 440 | 0 | _aAlfaguara | |
| 650 | 4 |
_aNovela mexicana _94557 |
|
| 905 | _aLibro | ||
| 999 |
_c164604 _d164604 |
||